Southville International School and Colleges
Your cart is empty.
  • Cart
  • Lists
    Public lists list_1 View all
    Your lists Log in to create your own lists
  • Log in to your account
  • Your cookies
  • Search history
Southville International School and Colleges
  • Advanced search
  • Recent comments
  • Most popular
  • Libraries

Log in to your account

Log in with GOOGLE


If you do not have an external account, but do have a local account, you can still log in:

  1. Home
  2. MARC view: Valley of the giant skeletons.
Normal view MARC view ISBD view

Valley of the giant skeletons. (Record no. 114897)

[ view plain ]
MARC details
000 -LEADER
fixed length control field 00399nam a2200157 a 4500
005 - DATE AND TIME OF LATEST TRANSACTION
control field 20140414132115.0
008 - FIXED-LENGTH DATA ELEMENTS--GENERAL INFORMATION
fixed length control field 100901s19uu xx 00 eng d
020 ## - INTERNATIONAL STANDARD BOOK NUMBER
International Standard Book Number 0545021324
050 ## - LIBRARY OF CONGRESS CALL NUMBER
Classification number FIC
Item number St5 2006
100 ## - MAIN ENTRY--PERSONAL NAME
Personal name Stilton, Geronimo
245 ## - TITLE STATEMENT
Title Valley of the giant skeletons.
260 ## - PUBLICATION, DISTRIBUTION, ETC. (IMPRINT)
Place of publication, distribution, etc New York :
Name of publisher, distributor, etc Scholastic,
Date of publication, distribution, etc 2006.
300 ## - PHYSICAL DESCRIPTION
Extent 110
440 ## - SERIES STATEMENT/ADDED ENTRY--TITLE
Title Geronimo Stilton
Holdings
Withdrawn status Lost status Damaged status Use restrictions Home library Current library Shelving location Date acquired Source of acquisition Cost, normal purchase price Total Checkouts Full call number Barcode Date last seen Price effective from Koha item type
        Munich Library Munich Library Fiction Section 10/11/2011   285.00   FIC St5 2006 M6833 04/14/2014 04/14/2014 Books

Valley of the giant skeletons.

APA

Stilton G., . (2006). Valley of the giant skeletons. New York: Scholastic.

Chicago

Stilton Geronimo, . 2006. Valley of the giant skeletons. New York: Scholastic.

Harvard

Stilton G., . (2006). Valley of the giant skeletons. New York: Scholastic.

MLA

Stilton Geronimo, . Valley of the giant skeletons. New York: Scholastic. 2006.

  • Place hold
  • Print
  • Cite
  • Add to your cart (remove)
  • Save record
    BIBTEX Dublin Core MARCXML MARC (non-Unicode/MARC-8) MARC (Unicode/UTF-8) MARC (Unicode/UTF-8, Standard) MODS (XML) RIS
  • More searches
    Search for this title in:
    Other Libraries (WorldCat) Other Databases (Google Scholar) Online Stores (Bookfinder.com) Open Library (openlibrary.org)

Exporting to Dublin Core...

SOUTHVILLE LIBRARY

Southville International School and Colleges Library

1281 Tropical Ave. Cor. Luxembourg St., BF Homes International, Las Pinas City

Tel. No. 8256374 / 252358 Loc. 117/146

Powered by Koha